LEADER 01445nam a2200301 a 4500 001 000000148886 003 CaOOAMICUS 005 20160127150433.0 008 160127s2011 it d u000 u ita r 020 $a978-88-348-1635-6* 032 $aLibriCat 040 $aPUL$bita 082 04$a332.1 100 1 $aBaravelli, Maurizio.$0(OLS)http://pul/name/95016 245 13$aLa banca multibusiness :$bevoluzione e innovazione dei modelli strategici e organizzativi nell'industria finanziaria globalizzata: relazioni fra teoria e pratica /$cMaurizio Baravelli. 260 $aTorino :$bG. Giappichelli,$c©2011. 300 $aXI, 716 p. :$bgrafici ;$c24 cm. 500 $aInclude indici. 504 $aBibliografia p. [699]-702. 650 4$aBanche e gestione bancaria$xEconomia.$0(OLS)http://pul/subject/41125 850 $aPUL 852 $aPUL$W1$xSL Diritto e Scienze Sociali 3$y79$m332. 1 BARMA 1$j171602$qDDC 21$B173093$CPULBib$Z2$F173093 $H126845 $81 941 1 $a9 996 $6020$a978-88-348-1635-6*$9(OLS)http://pul/number/159443 996 $6082$a332.1$9(OLS)http://pul/classification/2881 996 $6245$aLa banca multibusiness :$bevoluzione e innovazione dei modelli strategici e organizzativi nell'industria finanziaria globalizzata: relazioni fra teoria e pratica$9(OLS)http://pul/title/187749 996 $6260$aTorino :$bG. Giappichelli$9(OLS)http://pul/publisher/49130 LEADER 01629nam a2200337 i 4500 001 000000105248 003 CaOOAMICUS 005 20250912115531.0 008 070524s1984 it 000 u ita c 020 $a88-311-3043-9 040 $aPUL$bita$dES 041 1 $aita$hlat 100 0 $aAmbrosiaster,$df. 366-384.$0(OLS)http://pul/name/3705 245 10$aCommento alla Lettera ai Romani /$cAmbrosiaster ; traduzione, introduzione e note a cura di Alessandra Pollastri. 260 $aRoma :$bCittà Nuova,$cc1984. 300 $a343 p. ;$c21 cm 490 1 $aCollana di testi patristici ;$v43 504 $aBibliografia in nota 700 1 $aPollastri, Alessandra,$d1948-,$ecuratore,$eautore di introduzione,$etraduttore.$0(OLS)http://pul/name/2183 700 0 $aAmbrosiaster,$df. 366-384.$tIn epistulam ad Romanos.$0(OLS)http://pul/nameTitle/353$0(OLS)http://pul/name/3705$0(OLS)http://pul/title/132418 830 0$aCollana di testi patristici ;$v43.$0(OLS)http://pul/title/17027 850 $aPUL 852 $aPUL$W1$xSL Cons. Gen., Altre Classi 1$y1$m2000 E 43$j117956$qStampati$B117874$CPULBib$Z2$F117874 $H53441 $82 852 $aPUL$W1$xDP1 Fondo Liberati$y125$m2 B 6$j15264$qFondi$B207054$CPULBib$Z2$F207054 $HLib183 $82 900 $aGregorio di Nissa,$cs.,$dc. 335-c. 394$93044 941 1 $a1 941 1 $a8 996 $6020$a88-311-3043-9$9(OLS)http://pul/number/134503 996 $6245$aCommento alla Lettera ai Romani$9(OLS)http://pul/title/16468 996 $6260$aRoma :$bCittà Nuova$9(OLS)http://pul/publisher/47927